00000000nam##2200000za#4500
0019.647773
003CaOODSP
00520210929082759
007ta
008150407|2000||||xxc|||||     f|0| 0 eng|d
020 |a0-662-29035-6
040 |aCaOODSP|beng
043 |an-cn---
0861 |aFo42-308/2000E
1101 |aCanada. |bNatural Resources Canada. |bCanadian Forest Service.
24510|aProceedings of the Canadian Model Forest Network's Partnership Meeting, Halifax, NS, September 8-9, 1999
260 |aOttawa - Ontario : |bNatural Resources Canada. |c2000.
300 |aii, 79p. : |billus., tables ; |c28 cm.
563 |aSpiral binding
590 |a01-10|b2001-03-09
69007|aModel forests|2gcpds
69007|aForest management|2gcpds
69007|aEnvironmental management|2gcpds
77508|tActes du symposium de la réunion des partenaires du Réseau canadien de forêts modèles, Halifax (Nouvelle-Écosse), les 8 et 9 septembre, 1999 |w(CaOODSP)9.681152
7760#|tProceedings of the Canadian Model Forest Network's partnership meeting : |w(CaOODSP)9.695955